[Event "Catalunya-chT Gp1"]
[Site "Barcelona"]
[Date "2022.03.05"]
[Round "7.8"]
[White "Pellus Ruiz, Josep"]
[Black "Hapala, Elisabeth"]
[Result "0-1"]
[WhiteElo "2093"]
[BlackElo "2124"]
[PlyCount "54"]
[EventDate "2022.01.22"]
[EventType "team-tourn"]
[EventRounds "9"]
[EventCountry "ESP"]
[SourceTitle "CBM 208 Extra"]
[Source "ChessBase"]
[SourceDate "2022.07.31"]
[SourceVersion "1"]
[SourceVersionDate "2022.07.31"]
[SourceQuality "1"]
[WhiteTeam "Gramenet"]
[BlackTeam "Badalona Cor de Marina"]
[WhiteTeamCountry "ESP"]
[BlackTeamCountry "ESP"]

1. c4 Nf6 2. g3 c6 3. Bg2 d5 4. Nf3 Bf5 5. cxd5 cxd5 6. Qb3 Nc6 7. Qxb7 Bd7 8. Qb3 e5 9. d3 Rb8 10. Qd1 Bb4+ 11. Nfd2 0-0 12. 0-0 Re8 13. Nc3 Bg4 14. h3 Be6 15. Nf3 h6 16. d4 e4 17. Ne5 Nxe5 18. dxe5 Bxc3 19. bxc3 Nd7 20. Be3 Qc7 21. f4 exf3 22. exf3 Nxe5 23. f4 Nc4 24. Bd4 Rb2 25. Qh5 Reb8 26. Bxd5 R8b5 27. Be5 Qc5+ 0-1

[Event "Catalunya-chT Gp1"]
[Site "Barcelona"]
[Date "2022.02.26"]
[Round "6.7"]
[White "Pellus Ruiz, Josep"]
[Black "Beltran Rueda, Santiago"]
[Result "1/2-1/2"]
[WhiteElo "2093"]
[BlackElo "2294"]
[PlyCount "43"]
[EventDate "2022.01.22"]
[EventType "team-tourn"]
[EventRounds "9"]
[EventCountry "ESP"]
[SourceTitle "CBM 208 Extra"]
[Source "ChessBase"]
[SourceDate "2022.07.31"]
[SourceVersion "1"]
[SourceVersionDate "2022.07.31"]
[SourceQuality "1"]
[WhiteTeam "Gramenet"]
[BlackTeam "Barcelona Escacs CC"]
[WhiteTeamCountry "ESP"]
[BlackTeamCountry "ESP"]

1. c4 e5 2. g3 c6 3. Nf3 e4 4. Nd4 d5 5. cxd5 Qxd5 6. Nc2 Nf6 7. Bg2 Qh5 8. h3 Bc5 9. Nc3 Qg6 10. d3 exd3 11. Qxd3 Qxd3 12. exd3 0-0 13. d4 Bb6 14. 0-0 Be6 15. Rd1 Na6 16. Bg5 Bd8 17. Ne3 Nc7 18. Bxf6 Bxf6 19. d5 Nxd5 20. Nexd5 cxd5 21. Nxd5 Bxd5 22. Bxd5 1/2-1/2

[Event "Foment Martinenc op-A 21st"]
[Site "Barcelona"]
[Date "2019.06.08"]
[Round "7"]
[White "Pellus Ruiz, Josep"]
[Black "Ruiz Soria, Adria"]
[Result "1-0"]
[WhiteElo "2112"]
[BlackElo "1830"]
[PlyCount "63"]
[EventDate "2019.04.27"]
[EventType "swiss"]
[EventRounds "9"]
[EventCountry "ESP"]
[SourceTitle "EXT 2020"]
[Source "ChessBase"]
[SourceDate "2019.10.17"]
[SourceVersion "1"]
[SourceVersionDate "2019.10.17"]
[SourceQuality "1"]

1. c4 e5 2. g3 Nc6 3. Bg2 g6 4. Nc3 Bg7 5. e4 d6 6. Nge2 Nge7 7. d3 Be6 8. 0-0 Qd7 9. Nd5 0-0 10. Be3 h5 11. d4 Nxd4 12. Nxd4 exd4 13. Bxd4 Nxd5 14. cxd5 Bh3 15. Bxh3 Qxh3 16. Rc1 Bxd4 17. Qxd4 Qd7 18. Rc3 c5 19. dxc6 bxc6 20. e5 d5 21. f4 Rab8 22. Rf2 Rb6 23. f5 Rfb8 24. e6 fxe6 25. fxe6 Qxe6 26. Re3 Qd7 27. b3 Rb4 28. Qf6 Qg7 29. Qe6+ Kh8 30. Rf7 Qa1+ 31. Kg2 R4b7 32. Qe8+ 1-0

[Event "Barcelona Ideal Clave op 21st"]
[Site "Barcelona"]
[Date "2017.11.25"]
[Round "8"]
[White "Alcala Valiente, Juan Carlos"]
[Black "Pellus Ruiz, Josep"]
[Result "1/2-1/2"]
[WhiteElo "1981"]
[BlackElo "2194"]
[PlyCount "60"]
[EventDate "2017.09.30"]
[EventType "swiss"]
[EventRounds "8"]
[EventCountry "ESP"]
[SourceTitle "CBM 181 Extra"]
[Source "ChessBase"]
[SourceDate "2017.12.12"]
[SourceVersion "1"]
[SourceVersionDate "2017.12.12"]
[SourceQuality "1"]

1. d4 e6 2. c4 f5 3. g3 Nf6 4. Bg2 d5 5. Nh3 c6 6. 0-0 Bd6 7. Qc2 0-0 8. Nd2 h6 9. Nf4 Bxf4 10. gxf4 Ne4 11. f3 Nd6 12. e4 dxc4 13. Nxc4 Nb5 14. Rd1 Nxd4 15. Qf2 c5 16. Be3 Nbc6 17. Ne5 Nxe5 18. fxe5 fxe4 19. Bxd4 cxd4 20. Rxd4 Qg5 21. Rxe4 Bd7 22. f4 Qg6 23. Qg3 Qe8 24. Rc4 Rc8 25. Rac1 Rxc4 26. Rxc4 Qd8 27. Qe3 Bb5 28. Rc1 Qd7 29. b3 Rc8 30. Rxc8+ Qxc8 1/2-1/2

[Event "Barcelona Ideal Clave op 20th"]
[Site "Barcelona"]
[Date "2016.10.29"]
[Round "5"]
[White "Pellus Ruiz, Josep"]
[Black "Ylla Soro, Rafael"]
[Result "1-0"]
[WhiteElo "2144"]
[BlackElo "1546"]
[PlyCount "35"]
[EventDate "2016.10.01"]
[EventType "swiss"]
[EventRounds "8"]
[EventCountry "ESP"]
[SourceTitle "EXT 2018"]
[Source "ChessBase"]
[SourceDate "2017.10.13"]
[SourceVersion "1"]
[SourceVersionDate "2017.10.13"]
[SourceQuality "1"]

1. c4 e6 2. g3 f5 3. Bg2 Nf6 4. Nf3 Be7 5. 0-0 Nc6 6. d4 d6 7. Nc3 0-0 8. d5 Ne5 9. Nd4 exd5 10. cxd5 Bd7 11. Qb3 Rb8 12. f4 Ng6 13. Qc2 Qc8 14. Bh3 Ng4 15. e4 fxe4 16. Qxe4 Bf5 17. Nxf5 h5 18. Nxe7+ 1-0

[Event "Barcelona Ideal Clave op 20th"]
[Site "Barcelona"]
[Date "2016.10.15"]
[Round "3"]
[White "Garcia Punzano, Josep Lluis"]
[Black "Pellus Ruiz, Josep"]
[Result "0-1"]
[WhiteElo "1733"]
[BlackElo "2144"]
[PlyCount "72"]
[EventDate "2016.10.01"]
[EventType "swiss"]
[EventRounds "8"]
[EventCountry "ESP"]
[SourceTitle "EXT 2018"]
[Source "ChessBase"]
[SourceDate "2017.10.13"]
[SourceVersion "1"]
[SourceVersionDate "2017.10.13"]
[SourceQuality "1"]

1. Nf3 e6 2. g3 f5 3. d3 Nf6 4. c4 d5 5. Nc3 c6 6. cxd5 exd5 7. Qb3 d4 8. Nb1 c5 9. Bg5 Nc6 10. Bg2 Bd6 11. Nbd2 h6 12. Bxf6 Qxf6 13. Nc4 Bc7 14. Qb5 0-0 15. Qxc5 Re8 16. Rc1 Bb6 17. Nxb6 axb6 18. Qxb6 Rxa2 19. Qb3+ Qe6 20. Qxe6+ Bxe6 21. 0-0 Rxb2 22. Rfe1 Bd5 23. Rc5 Nb4 24. Rb5 Bc6 25. Rxf5 Rbxe2 26. Rxe2 Rxe2 27. Nxd4 Re1+ 28. Bf1 Bd7 29. Rh5 Kh7 30. f4 Nxd3 31. Kg2 Rd1 32. Bxd3+ Rxd3 33. Nf3 Bc6 34. Rc5 Bxf3+ 35. Kf2 Bc6 36. h4 Rf3+ 0-1

[Event "Roncana op-A 8th"]
[Site "Santa Eulalia de Roncana"]
[Date "2014.11.15"]
[Round "5"]
[White "Centelles Vivas, Aleix"]
[Black "Pellus Ruiz, Josep"]
[Result "0-1"]
[WhiteElo "2026"]
[BlackElo "2230"]
[PlyCount "58"]
[EventDate "2014.10.11"]
[EventType "swiss"]
[EventRounds "8"]
[EventCountry "ESP"]
[SourceTitle "CBM 163 Extra"]
[Source "ChessBase"]
[SourceDate "2014.12.23"]
[SourceVersion "1"]
[SourceVersionDate "2014.12.23"]
[SourceQuality "1"]

1. d4 g6 2. c4 Bg7 3. e4 c5 4. d5 d6 5. Nc3 Nf6 6. f4 0-0 7. Nf3 e6 8. dxe6 fxe6 9. Bd3 Nc6 10. 0-0 Nd4 11. Nxd4 cxd4 12. Nb5 Qb6 13. Qa4 e5 14. fxe5 dxe5 15. Qc2 Be6 16. c5 Qc6 17. Nd6 Nd7 18. Rxf8+ Bxf8 19. Nxb7 Rc8 20. Qe2 Qxb7 21. Ba6 d3 22. Qxd3 Qb4 23. Bd2 Qxc5+ 24. Be3 Qc2 25. Qb5 Rb8 26. Bb7 Qc7 27. Qa6 Nc5 28. Bxc5 Bxc5+ 29. Kh1 Qb6 0-1

[Event "Roncana op-A 8th"]
[Site "Santa Eulalia de Roncana"]
[Date "2014.10.11"]
[Round "1"]
[White "Sanchez Guisado, Antonio"]
[Black "Pellus Ruiz, Josep"]
[Result "0-1"]
[WhiteElo "1966"]
[BlackElo "2230"]
[PlyCount "58"]
[EventDate "2014.10.11"]
[EventType "swiss"]
[EventRounds "8"]
[EventCountry "ESP"]
[SourceTitle "CBM 163 Extra"]
[Source "ChessBase"]
[SourceDate "2014.12.23"]
[SourceVersion "1"]
[SourceVersionDate "2014.12.23"]
[SourceQuality "1"]

1. Nc3 g6 2. Nf3 Bg7 3. d4 Nf6 4. e4 d6 5. Bf4 0-0 6. Bd3 Nc6 7. 0-0 Nh5 8. Be3 e5 9. dxe5 Nxe5 10. h3 c6 11. Nxe5 dxe5 12. Qe2 Qh4 13. Qd2 Nf4 14. Bxf4 exf4 15. f3 Bd4+ 16. Kh2 Re8 17. Bc4 Be3 18. Qe1 Qh5 19. Nd1 Bxh3 20. Nxe3 fxe3 21. Qe2 Be6+ 22. Kg1 Bxc4 23. Qxc4 Rad8 24. Rfe1 Rd2 25. Rxe3 Qg5 26. Re2 Red8 27. Rae1 Qg3 28. Qc3 Rxe2 29. Rxe2 Rd1+ 0-1

[Event "Barcelona Sants op 16th"]
[Site "Barcelona"]
[Date "2014.08.26"]
[Round "5"]
[White "Cruz Estrada, Filemon"]
[Black "Pellus Ruiz, Josep"]
[Result "1-0"]
[WhiteElo "2439"]
[BlackElo "2164"]
[PlyCount "89"]
[EventDate "2014.08.22"]
[EventType "swiss"]
[EventRounds "10"]
[EventCountry "ESP"]
[SourceTitle "CBM 162 Extra"]
[Source "ChessBase"]
[SourceDate "2014.10.17"]
[SourceVersion "1"]
[SourceVersionDate "2014.10.17"]
[SourceQuality "1"]

1. Nf3 g6 2. c4 Bg7 3. Nc3 e5 4. g3 d6 5. d4 exd4 6. Nxd4 Nf6 7. Bg2 0-0 8. 0-0 Nbd7 9. b3 Nc5 10. Bb2 a5 11. Qc2 c6 12. Rad1 Qb6 13. Rd2 a4 14. Rfd1 axb3 15. axb3 Ng4 16. e3 Bxd4 17. Rxd4 Qxb3 18. Qxb3 Nxb3 19. Rxd6 Bf5 20. Ne4 Bxe4 21. Bxe4 Ra2 22. Rb1 Re8 23. Bf3 h5 24. h3 Nh6 25. g4 h4 26. Bc3 Nc5 27. Bf6 Kh7 28. Bxh4 Rc2 29. Rd4 Ng8 30. Bg2 Kg7 31. Rf4 Re6 32. Rd4 Nf6 33. Bg3 Nfe4 34. Bxe4 Nxe4 35. Kg2 Nd2 36. Rxb7 Nxc4 37. Bf4 c5 38. Rdd7 Rf6 39. g5 Rf5 40. Rd8 Rb2 41. Re7 Rd2 42. Rb8 Nd6 43. h4 c4 44. Bxd6 Rxd6 45. Ree8 1-0

[Event "Barcelona Barri Gotic op 3rd"]
[Site "Barcelona"]
[Date "2014.04.14"]
[Round "2"]
[White "Severri Arrese, Carlos"]
[Black "Pellus Ruiz, Josep"]
[Result "1-0"]
[WhiteElo "2069"]
[BlackElo "2257"]
[PlyCount "49"]
[EventDate "2014.04.07"]
[EventType "swiss"]
[EventRounds "8"]
[EventCountry "ESP"]
[SourceTitle "CBM 160 Extra"]
[Source "ChessBase"]
[SourceDate "2014.07.01"]
[SourceVersion "1"]
[SourceVersionDate "2014.07.01"]
[SourceQuality "1"]

1. d4 Nf6 2. Bg5 Ne4 3. Bf4 c5 4. d5 d6 5. f3 Nf6 6. e4 g6 7. c3 Bg7 8. Bb5+ Bd7 9. Qb3 0-0 10. Nd2 Bxb5 11. Qxb5 Qc7 12. Nh3 Nbd7 13. Nf2 a6 14. Qe2 b5 15. a4 c4 16. axb5 axb5 17. 0-0 Nc5 18. Be3 Nfd7 19. f4 e6 20. dxe6 fxe6 21. Qg4 Rae8 22. Qh3 Qb7 23. Nf3 Nxe4 24. Nxe4 Qxe4 25. Ng5 1-0

[Event "Barcelona Sant Marti op-A 15th"]
[Site "Barcelona"]
[Date "2013.07.21"]
[Round "9"]
[White "Vatkali, Dimitra"]
[Black "Pellus Ruiz, Josep"]
[Result "1-0"]
[WhiteElo "1964"]
[BlackElo "2171"]
[PlyCount "53"]
[EventDate "2013.07.13"]
[EventType "swiss"]
[EventRounds "9"]
[EventCountry "ESP"]
[SourceTitle "CBM 155 Extra"]
[Source "ChessBase"]
[SourceDate "2013.08.26"]
[SourceVersion "1"]
[SourceVersionDate "2013.08.26"]
[SourceQuality "1"]

1. e4 d6 2. d4 Nf6 3. Nc3 g6 4. f4 Bg7 5. Nf3 c5 6. Bb5+ Nc6 7. dxc5 Qa5 8. 0-0 0-0 9. cxd6 exd6 10. Bxc6 Qc5+ 11. Qd4 Qxc6 12. e5 dxe5 13. fxe5 Ng4 14. Nd5 Re8 15. Bf4 Be6 16. c4 Rac8 17. b3 Qc5 18. Qxc5 Rxc5 19. Rad1 Bxd5 20. cxd5 Nxe5 21. d6 Nd7 22. Rfe1 Kf8 23. Ng5 Rxe1+ 24. Rxe1 Bd4+ 25. Kh1 Kg7 26. Re7 Rf5 27. Rxd7 1-0

[Event "Barcelona Sant Marti op-A 15th"]
[Site "Barcelona"]
[Date "2013.07.14"]
[Round "2"]
[White "Pellus Ruiz, Josep"]
[Black "Castillo Escario, Yolanda"]
[Result "1/2-1/2"]
[WhiteElo "2171"]
[BlackElo "1997"]
[PlyCount "92"]
[EventDate "2013.07.13"]
[EventType "swiss"]
[EventRounds "9"]
[EventCountry "ESP"]
[SourceTitle "CBM 155 Extra"]
[Source "ChessBase"]
[SourceDate "2013.08.26"]
[SourceVersion "1"]
[SourceVersionDate "2013.08.26"]
[SourceQuality "1"]

1. c4 c6 2. g3 d5 3. Nf3 Nf6 4. Bg2 Bf5 5. cxd5 cxd5 6. Qb3 Qc7 7. Nc3 e6 8. d3 Nc6 9. 0-0 Be7 10. Bf4 Qd7 11. Ne5 Nxe5 12. Bxe5 0-0 13. e4 Bg6 14. exd5 exd5 15. Nxd5 Nxd5 16. Qxd5 Qxd5 17. Bxd5 Bxd3 18. Bxb7 Rad8 19. Rfd1 Bc5 20. Rac1 Bb6 21. Bf3 Bf5 22. Kg2 Be6 23. b3 Rc8 24. Rxc8 Rxc8 25. Bd4 Kf8 26. Bxb6 axb6 27. Rd2 Ke7 28. h4 b5 29. Be4 h6 30. Kf3 g5 31. hxg5 hxg5 32. Rc2 Rxc2 33. Bxc2 b4 34. Ke4 Kd6 35. Kd4 f6 36. f4 gxf4 37. gxf4 Bd5 38. Bd3 Be6 39. Bc4 Bg4 40. Bd3 Be6 41. f5 Bd5 42. Be2 Bf7 43. Bc4 Bh5 44. Bg8 Be2 45. Bd5 Bf1 46. Bc4 Bg2 1/2-1/2

[Event "Barcelona Barri Gotic op 2nd"]
[Site "Barcelona"]
[Date "2013.05.13"]
[Round "5.8"]
[White "Ribera Nebot, Joan"]
[Black "Pellus Ruiz, Josep"]
[Result "0-1"]
[WhiteElo "2041"]
[BlackElo "2147"]
[PlyCount "78"]
[EventDate "2013.04.15"]
[EventType "swiss"]
[EventRounds "8"]
[EventCountry "ESP"]
[SourceTitle "EXT 2024"]
[Source "ChessBase"]
[SourceDate "2023.10.10"]
[SourceVersion "1"]
[SourceVersionDate "2023.10.10"]
[SourceQuality "1"]

1. c4 e5 2. Nc3 Nf6 3. Nf3 Nc6 4. g3 g6 5. Bg2 Bg7 6. 0-0 0-0 7. d3 d6 8. Rb1 h6 9. b4 Nh5 10. e4 Be6 11. Nd5 Qd7 12. b5 Ne7 13. Be3 Nxd5 14. cxd5 Bg4 15. Qd2 Kh7 16. d4 f5 17. dxe5 dxe5 18. Nxe5 Bxe5 19. f3 f4 20. gxf4 Nxf4 21. fxg4 Qxg4 22. Bxf4 Bxf4 23. Qd3 Rae8 24. Rb3 Bd6 25. Rbb1 Qh5 26. Qh3 Qe5 27. Rxf8 Rxf8 28. Rf1 Bc5+ 29. Kh1 Rxf1+ 30. Bxf1 Qxe4+ 31. Bg2 Qe1+ 32. Bf1 h5 33. Qf3 Kg7 34. Qe2 Qc3 35. Kg2 Qd4 36. Qf3 g5 37. Qf5 Qg1+ 38. Kh3 g4+ 39. Kh4 Qxh2+ 0-1

[Event "Barcelona Barri Gotic op 2nd"]
[Site "Barcelona"]
[Date "2013.05.06"]
[Round "4.10"]
[White "Pellus Ruiz, Josep"]
[Black "Schneider Ristol, Alejandro"]
[Result "1-0"]
[WhiteElo "2147"]
[BlackElo "1974"]
[PlyCount "53"]
[EventDate "2013.04.15"]
[EventType "swiss"]
[EventRounds "8"]
[EventCountry "ESP"]
[SourceTitle "EXT 2024"]
[Source "ChessBase"]
[SourceDate "2023.10.10"]
[SourceVersion "1"]
[SourceVersionDate "2023.10.10"]
[SourceQuality "1"]

1. c4 Nf6 2. g3 g6 3. Bg2 Bg7 4. Nc3 0-0 5. e4 d6 6. Nge2 c5 7. 0-0 Nc6 8. d3 Bd7 9. h3 a6 10. Be3 Rb8 11. a4 Qc7 12. Rc1 Na5 13. f4 e6 14. g4 Nc6 15. d4 cxd4 16. Nxd4 Nxd4 17. Bxd4 Bc6 18. b3 Nd7 19. Bxg7 Kxg7 20. Kh1 Qb6 21. Qxd6 Qxb3 22. Qd4+ Kg8 23. f5 Qb6 24. Qd6 Qc5 25. Qf4 Qe5 26. Qh6 Nb6 27. f6 1-0

[Event "Barcelona Barri Gotic op 2nd"]
[Site "Barcelona"]
[Date "2013.04.22"]
[Round "2.9"]
[White "Vallbona Domingo, Joan"]
[Black "Pellus Ruiz, Josep"]
[Result "0-1"]
[WhiteElo "1981"]
[BlackElo "2147"]
[PlyCount "86"]
[EventDate "2013.04.15"]
[EventType "swiss"]
[EventRounds "8"]
[EventCountry "ESP"]
[SourceTitle "EXT 2024"]
[Source "ChessBase"]
[SourceDate "2023.10.10"]
[SourceVersion "1"]
[SourceVersionDate "2023.10.10"]
[SourceQuality "1"]

1. Nf3 d5 2. g3 c6 3. Bg2 e6 4. 0-0 f5 5. d4 Nf6 6. Nbd2 Bd6 7. Ne5 c5 8. c3 Nc6 9. Nxc6 bxc6 10. Qa4 Bd7 11. dxc5 Bxc5 12. Nb3 Bd6 13. Be3 Qe7 14. Qa5 0-0 15. Bc5 Rfb8 16. Bxd6 Qxd6 17. c4 Qb4 18. Qxb4 Rxb4 19. cxd5 cxd5 20. Rac1 Bb5 21. Rfd1 Rd8 22. Rc7 Rd7 23. Rc8+ Kf7 24. Rd4 Rc4 25. Rb8 Ba6 26. Bf3 Rc2 27. Rd2 Rxd2 28. Nxd2 e5 29. e3 Rc7 30. h3 Ke6 31. Nb3 Bd3 32. Rb4 Kd6 33. Kg2 g5 34. Kh2 Rc2 35. Kg2 Rxb2 36. Ra4 h5 37. Nc1 Bc4 38. Rxa7 g4 39. hxg4 hxg4 40. Bd1 Rb1 41. Bc2 Rxc1 42. Bxf5 Be2 43. f3 gxf3+ 0-1

[Event "Barcelona Primavera La Lira op 4th"]
[Site "Barcelona"]
[Date "2011.06.02"]
[Round "9"]
[White "Rueda Marquez, David Juan"]
[Black "Pellus Ruiz, Josep"]
[Result "0-1"]
[WhiteElo "2085"]
[BlackElo "2180"]
[PlyCount "47"]
[EventDate "2011.03.31"]
[EventType "swiss"]
[EventRounds "9"]
[EventCountry "ESP"]
[SourceTitle "EXT 2012"]
[Source "ChessBase"]
[SourceDate "2011.11.24"]
[SourceVersion "1"]
[SourceVersionDate "2011.11.24"]
[SourceQuality "1"]

1. d4 Nf6 2. c4 e5 3. dxe5 Ng4 4. Nf3 Bc5 5. e3 Nc6 6. Nc3 0-0 7. Be2 Re8 8. Bd2 Ngxe5 9. Nd5 Nxf3+ 10. gxf3 Ne7 11. Bc3 Nxd5 12. Qxd5 Bf8 13. Rg1 Re6 14. Qd4 f6 15. Bd3 Qe7 16. 0-0-0 d6 17. Qh4 f5 18. Qh5 Rf6 19. Bxf6 Qxf6 20. Rg5 g6 21. Rdg1 Bg7 22. Qh4 Qxb2+ 23. Kd1 Bd7 24. Qg3 0-1

[Event "Barcelona Primavera La Lira op 4th"]
[Site "Barcelona"]
[Date "2011.05.26"]
[Round "8"]
[White "Escudero Martinez, Alberto"]
[Black "Pellus Ruiz, Josep"]
[Result "0-1"]
[WhiteElo "1874"]
[BlackElo "2180"]
[PlyCount "100"]
[EventDate "2011.03.31"]
[EventType "swiss"]
[EventRounds "9"]
[EventCountry "ESP"]
[SourceTitle "EXT 2012"]
[Source "ChessBase"]
[SourceDate "2011.11.24"]
[SourceVersion "1"]
[SourceVersionDate "2011.11.24"]
[SourceQuality "1"]

1. Nf3 Nf6 2. g3 g6 3. Bg2 Bg7 4. 0-0 0-0 5. d3 c5 6. e4 Nc6 7. Nbd2 d5 8. c3 b6 9. Re1 dxe4 10. dxe4 Bb7 11. Qe2 e5 12. Nf1 h6 13. Bd2 Qe7 14. Rad1 Qe6 15. b3 a5 16. c4 Nb4 17. Bxb4 axb4 18. Nh4 Rfd8 19. Rd2 Rd4 20. Rxd4 cxd4 21. Qd2 Bf8 22. f4 exf4 23. gxf4 Qg4 24. Nf3 Nxe4 25. Ne5 Nxd2 26. Nxg4 Bxg2 27. Kxg2 Nxf1 28. Rxf1 Rxa2+ 29. Rf2 Rxf2+ 30. Kxf2 Kg7 31. h3 Bd6 32. Kf3 f5 33. Nf2 g5 34. Nd3 Kg6 35. fxg5 hxg5 36. Nf2 Kh5 37. Kg2 Kh4 38. Nd3 g4 39. hxg4 fxg4 40. Nf2 Bf8 41. Nd3 Kg5 42. Kg3 Kf5 43. Kf2 Ke4 44. Ke2 g3 45. Ne1 Bh6 46. Nd3 Be3 47. Ne1 d3+ 48. Nxd3 g2 49. Nf2+ Kd4 50. Nh3 g1Q 0-1

[Event "Barcelona Primavera La Lira op 4th"]
[Site "Barcelona"]
[Date "2011.05.19"]
[Round "7"]
[White "Pellus Ruiz, Josep"]
[Black "Martorell Aguado, Joan"]
[Result "0-1"]
[WhiteElo "2180"]
[BlackElo "2235"]
[PlyCount "94"]
[EventDate "2011.03.31"]
[EventType "swiss"]
[EventRounds "9"]
[EventCountry "ESP"]
[SourceTitle "EXT 2012"]
[Source "ChessBase"]
[SourceDate "2011.11.24"]
[SourceVersion "1"]
[SourceVersionDate "2011.11.24"]
[SourceQuality "1"]

1. c4 g6 2. Nc3 Bg7 3. g3 c5 4. Bg2 Nc6 5. d3 e5 6. e4 Nge7 7. Nge2 0-0 8. 0-0 d6 9. a3 Be6 10. Rb1 a5 11. Nd5 Bxd5 12. cxd5 Nd4 13. b4 Nxe2+ 14. Qxe2 cxb4 15. axb4 a4 16. b5 Qd7 17. Ba3 Rfd8 18. Qd2 f5 19. Bh3 Qc7 20. b6 Qd7 21. Rfc1 Rac8 22. Qb4 Rxc1+ 23. Rxc1 Rc8 24. Rc4 Rxc4 25. Qxc4 Nc8 26. Qc7 Qxc7 27. bxc7 Bf6 28. f4 exf4 29. gxf4 h6 30. e5 Be7 31. Kf2 Kf8 32. e6 Bf6 33. Ke3 Bc3 34. d4 Ba5 35. Bf1 Bxc7 36. Bc4 Ke7 37. Bb4 Kf6 38. Be2 Nb6 39. Bf3 Nc4+ 40. Kd3 b5 41. Bd1 g5 42. Bh5 Nb6 43. Bf3 g4 44. Bg2 Nc4 45. Kc3 Ba5 46. Bf1 Bxb4+ 47. Kxb4 Ne3 0-1

[Event "Barcelona Primavera La Lira op 4th"]
[Site "Barcelona"]
[Date "2011.03.31"]
[Round "1"]
[White "Pellus Ruiz, Josep"]
[Black "Ibanez Riquelme, Sergio"]
[Result "1-0"]
[WhiteElo "2180"]
[BlackElo "1769"]
[PlyCount "35"]
[EventDate "2011.03.31"]
[EventType "swiss"]
[EventRounds "9"]
[EventCountry "ESP"]
[SourceTitle "EXT 2012"]
[Source "ChessBase"]
[SourceDate "2011.11.24"]
[SourceVersion "1"]
[SourceVersionDate "2011.11.24"]
[SourceQuality "1"]

1. c4 e5 2. Nc3 Nf6 3. g3 Bc5 4. Bg2 0-0 5. e3 c6 6. d4 exd4 7. exd4 Re8+ 8. Nge2 Bb4 9. 0-0 d5 10. cxd5 Bg4 11. Qb3 Bxe2 12. Nxe2 Qb6 13. Nf4 Nbd7 14. Nd3 c5 15. a3 Qa5 16. Rd1 Ne4 17. Bxe4 Rxe4 18. Bf4 1-0

[Event "Dos Hermanas Internet qual-E 10th"]
[Site "ICC INT"]
[Date "2009.03.15"]
[Round "3"]
[White "Pellus Ruiz, Josep"]
[Black "Harmon Vellotti, Luke"]
[Result "0-1"]
[WhiteElo "2189"]
[BlackElo "1981"]
[PlyCount "116"]
[EventDate "2009.03.15"]
[EventType "swiss (blitz)"]
[EventRounds "12"]
[EventCountry "ESP"]
[SourceTitle "CBM 129 Extra"]
[Source "ChessBase"]
[SourceDate "2009.05.05"]
[SourceVersion "2"]
[SourceVersionDate "2009.05.20"]
[SourceQuality "1"]

1. d4 Nf6 2. c4 e6 3. Nc3 Bb4 4. f3 d5 5. a3 Bxc3+ 6. bxc3 0-0 7. cxd5 exd5 8. e3 Bf5 9. Ne2 Re8 10. g4 Bg6 11. h4 h5 12. g5 Nfd7 13. Bh3 c5 14. 0-0 Qc7 15. f4 Be4 16. Ng3 cxd4 17. cxd4 Nc6 18. Nxe4 Rxe4 19. Bg2 Ree8 20. Bxd5 Nb6 21. Bg2 g6 22. f5 Qg3 23. fxg6 fxg6 24. Qb3+ Kh8 25. Qf7 Rf8 26. Qxg6 Rxf1+ 27. Kxf1 Rf8+ 28. Kg1 Qe1+ 29. Kh2 Qxh4+ 30. Kg1 Qf2+ 31. Kh2 Qf7 32. Qh6+ Kg8 33. Bb2 Qg7 34. Qxg7+ Kxg7 35. d5+ Kg6 36. dxc6 bxc6 37. Bxc6 Rc8 38. Bg2 Rc2 39. Bd4 Kxg5 40. Bxb6 axb6 41. Rb1 Ra2 42. Rxb6 Rxa3 43. Rb5+ Kg6 44. Kg3 Rxe3+ 45. Kf4 Re6 46. Rg5+ Kh6 47. Be4 Rf6+ 48. Bf5 Rf8 49. Rg6+ Kh7 50. Kg5 Rf7 51. Rh6+ Kg7 52. Kxh5 Rxf5+ 53. Kg4 Ra5 54. Rd6 Ra4+ 55. Kg3 Ra5 56. Kg2 Ra3 57. Kg1 Ra2 58. Rd7+ Kf6 0-1

[Event "Dos Hermanas Internet qual-E 10th"]
[Site "ICC INT"]
[Date "2009.03.15"]
[Round "1"]
[White "Pellus Ruiz, Josep"]
[Black "Praveen Kumar, Chandrasekar"]
[Result "0-1"]
[WhiteElo "2189"]
[BlackElo "2360"]
[PlyCount "68"]
[EventDate "2009.03.15"]
[EventType "swiss (blitz)"]
[EventRounds "12"]
[EventCountry "ESP"]
[SourceTitle "CBM 129 Extra"]
[Source "ChessBase"]
[SourceDate "2009.05.05"]
[SourceVersion "2"]
[SourceVersionDate "2009.05.20"]
[SourceQuality "1"]

1. d4 e6 2. c4 Nf6 3. Nc3 c5 4. d5 exd5 5. cxd5 d6 6. e4 g6 7. f4 Bg7 8. Nf3 0-0 9. Be2 b5 10. e5 dxe5 11. fxe5 Ng4 12. Bg5 Qa5 13. 0-0 c4 14. Be7 Re8 15. d6 Qb6+ 16. Kh1 Ne3 17. Qd2 Nxf1 18. Rxf1 Bb7 19. d7 Nxd7 20. Qxd7 Bc6 21. Qd6 Qb7 22. Bf6 Bf8 23. Qd2 b4 24. Nd1 Rac8 25. Ne3 c3 26. bxc3 bxc3 27. Qc1 Be4 28. Ng5 h6 29. Nxe4 Qxe4 30. Bf3 Qd3 31. Rd1 Qb5 32. Ng4 Kh7 33. h4 c2 34. Rd2 Qb1 0-1

[Event "Dos Hermanas Internet qual-A 10th"]
[Site "ICC INT"]
[Date "2009.03.13"]
[Round "1"]
[White "Pellus Ruiz, Josep"]
[Black "Bachmann, Axel"]
[Result "0-1"]
[WhiteElo "2189"]
[BlackElo "2562"]
[PlyCount "30"]
[EventDate "2009.03.13"]
[EventType "swiss (blitz)"]
[EventRounds "12"]
[EventCountry "ESP"]
[SourceTitle "CBM 129 Extra"]
[Source "ChessBase"]
[SourceDate "2009.05.05"]
[SourceVersion "2"]
[SourceVersionDate "2009.05.20"]
[SourceQuality "1"]

1. d4 Nf6 2. c4 Nc6 3. g3 e5 4. Nf3 exd4 5. Nxd4 Bb4+ 6. Nc3 Ne4 7. Ndb5 Qf6 8. Be3 Nxc3 9. bxc3 Bxc3+ 10. Bd2 Bxd2+ 11. Kxd2 0-0 12. Nxc7 d5 13. Nxd5 Rd8 14. Ke1 Rxd5 15. Qxd5 Qxa1+ 0-1

[Event "Barbera del Valles op 31st"]
[Site "Barbera del Valles"]
[Date "2008.07.12"]
[Round "8"]
[White "Mestre Bellido, Hector"]
[Black "Pellus Ruiz, Josep"]
[Result "1/2-1/2"]
[WhiteElo "2284"]
[BlackElo "2219"]
[PlyCount "45"]
[EventDate "2008.07.04"]
[EventType "swiss"]
[EventRounds "9"]
[EventCountry "ESP"]
[SourceTitle "CBM 125 Extra"]
[Source "ChessBase"]
[SourceDate "2008.09.01"]
[SourceVersion "1"]
[SourceVersionDate "2008.09.01"]
[SourceQuality "1"]

1. e4 c5 2. Nf3 e6 3. d4 cxd4 4. Nxd4 a6 5. c4 Nf6 6. Nc3 Qc7 7. Bd3 d6 8. 0-0 Nbd7 9. b3 Be7 10. Bb2 0-0 11. Qe2 b6 12. Kh1 Bb7 13. f4 Rfe8 14. Rae1 Nf8 15. Bb1 Rad8 16. e5 dxe5 17. fxe5 Rxd4 18. Nb5 axb5 19. Bxd4 N6d7 20. cxb5 f5 21. exf6 Bxf6 22. Qh5 Rd8 23. Bxf6 1/2-1/2